000 00949nmm a2200277 a 4500
001 ocm000587262
003 TR-IsHL
005 20201028121609.0
008 130705s2008 tu tur
007 cr cn
020 _a9789944425896
035 _a587262
_b(N$T)
050 0 4 _aHX376.7.Y55
_bY35 2008
090 0 4 _aHX376.7.Y55
_bY35 2008
100 1 _aYılmaz, Orhan
245 1 0 _aTürkiye'nin ilk komünistlerinden, Zileli Halil Yalçınkaya
_h[electronic resource] /
_cOrhan Yılmaz
250 _a1. bs.
260 _aİstanbul :
_bBilge Kültür Sanat,
_c2008
300 _a192 p.
650 4 _aDil ve Edebiyat
650 4 _aLanguage and Literature
650 0 _aKomünizm
_x Türkiye
650 0 _aCommunism
_x Turkey
650 7 _aPOLITICAL SCIENCE / Political Ideologies / Communism, Post-Communism & Socialism
_2bisacsh
856 4 0 _uhttp://search.ebscohost.com/login.aspx?direct=true&scope=site&db=e011xww&AN=587262
999 _c1412
_d1412